Visualizzazione normale
Vista MARC
- Olgiati mons. Francesco
di Personal Name
Records bibliografici associati: 1
001 - CONTROL NUMBER
- control field: 28078
003 - CONTROL NUMBER IDENTIFIER
- control field: IT-RoPau
005 - DATE AND TIME OF LATEST TRANSACTION
- control field: 20140530174057.0
008 - FIXED-LENGTH DATA ELEMENTS
- fixed length control field: 140530|| aca||aabn | a|a d
040 ## - CATALOGING SOURCE
- Original cataloging agency: IT-RoPau
- Transcribing agency: IT-RoPau
100 ## - HEADING--PERSONAL NAME
- Personal name: Olgiati mons. Francesco
670 ## - SOURCE DATA FOUND
- Source citation: Work cat.: (IT-RoPau)20585: Olgiati mons. Francesco, I nostri giovani e la purezza, 1938, 10.a edizione